เปลี่ยนเป็นภาษาไทย

Change to English
 แสดงรายละเอียดบรรณานุกรม
  กลับหน้าหลัก

Brief Record : Get Marc (ISO 2709) : E-mail record : QR code ปิดหน้าต่าง
LEADER 00000nam 2200000uu 4500
001    17706
003     ULIBM
008    020711s2005 th a 000 0 tha d
020    0-443-07414-3
060    QV77.2
100    DAVID HEALY
245    psychiatric DRUGS expained
260    London :^bGraphyCems,^c2005
300    359 หน้า
รายการนี้ยังไม่มีแท็ก
คุณยังไม่ได้ล็อกอิน คุณสามารถมีกิจกรรมร่วมกับเว็บไซต์ได้ แต่ต้องล็อกอินก่อน ::
  ล็อกอิน
ลำดับที่ ประเภท เลขเรียก/บาร์โค้ด สถานที่ สถานะ
1. หนังสือ
หนังสือ
QV77.2 2005  
  Barcode: 0003042
หนังสือทั่วไป On Shelf
   [แสดง 1/1 รายการ]

BibComment


ยังไม่เคยถูกคอมเมนท์

คอมเมนท์ทรัพยากรรายการนี้
  คอมเมนท์: psychiatric DRUGS..
Bib 17706


 Union Library Management : ULibM
Copyright 2026. All Rights Reserved.